Historic cities support programme: (Record no. 353684)

000 -LEADER
fixed length control field 00591nam a22001817a 4500
003 - CONTROL NUMBER IDENTIFIER
control field OSt
005 - DATE AND TIME OF LATEST TRANSACTION
control field 20180116192415.0
008 - FIXED-LENGTH DATA ELEMENTS--GENERAL INFORMATION
fixed length control field 130508t xxu||||| |||| 00| 0 eng d
040 ## - CATALOGING SOURCE
Transcribing agency 0
082 ## - DEWEY DECIMAL CLASSIFICATION NUMBER
Classification number 702.88
110 0# - MAIN ENTRY--CORPORATE NAME
Corporate name or jurisdiction name as entry element Aga Khan trust for Culture
9 (RLIN) 6468
245 10 - TITLE STATEMENT
Title Historic cities support programme:
Remainder of title conservation and development in Hunza adn Baltistan
Statement of responsibility, etc. Aga Khan trust for Culture
260 ## - PUBLICATION, DISTRIBUTION, ETC.
Place of publication, distribution, etc. Lausanne S. a:
Name of publisher, distributor, etc. Imprismeries reunies
Date of publication, distribution, etc. 2005
300 ## - PHYSICAL DESCRIPTION
Extent 80 p.
650 ## - SUBJECT ADDED ENTRY--TOPICAL TERM
Topical term or geographic name entry element Conservation
General subdivision Art.
9 (RLIN) 6469
942 ## - ADDED ENTRY ELEMENTS (KOHA)
Source of classification or shelving scheme
Koha item type Book
Holdings
Withdrawn status Lost status Source of classification or shelving scheme Damaged status Not for loan Permanent Location Current Location Date acquired Source of acquisition Total Checkouts Total Renewals Full call number Barcode Date last seen Date last checked out Copy number Cost, replacement price Price effective from Koha item type
          School of Art Design and Architecture (SADA) School of Art Design and Architecture (SADA) 04/23/2013 Donation 2 1 702.88 AGA 2005 SADAD0000053 04/26/2016 02/10/2016 1 0.00 05/08/2013 Book
© 2023 Central Library, National University of Sciences and Technology. All Rights Reserved.